01234nam a2200241Ia 4500008004100000020001800041082001800059110001300077245013000090250003400220300005600254490002300310500004600333505026400379650015500643700003300798264002300831336002700854337003300881338002800914040003500942999001500977161108s9999 xx 000 0 und d a9679587694802 aR 344.05 C64c aColombia aCódigo nacional de policía y convivencia :b conforme con la ley 1801 de 2016 :b anotado /c José Armando Ruiz Salazar aTrigésima tercera edición a[509] páginas (en paginación variada) ;c 22 cm aCódigos anotados aCompilado por José Armando Ruiz Salazar aLibro primero: disposiciones generales -- Libro segundo: de la libertad, los derechos y deberes de las personas en materia de convivencia -- Libro tercero: medios de policía, medidas correctivas, autoridades de policía y competencias, procedimientos, meca aPoder De La Policia - Legislacion - Colombia / Policia - Colombia / Reglamentos De Policia - Colombia / Solucion De Conflictos / Convivencia Ciudadana aRuiz Salazar, José Armando aBogotá :b Leyer atextobtxt2rdacontent asin mediaciónbn2rdamedia avolumenbnc2rdacarrier aCO-BoRNBPbspaerdacCO-BoRNBP c7540d7540